Liedtext - Kein Zurück - Wolfsheim - Statistiken

Allgemein
  • Dieses Quiz wurde 94 mal gespielt
  • Das Durchschnittsergebnis liegt bei 213 aus 328
Antwortstatistiken
Textquiz % Korrekt
zu
96%
Es
95%
es
95%
zurück
95%
du
88%
Du
88%
gibt
88%
keinen
88%
Weg
88%
ich
84%
Die
79%
im
79%
und
79%
ein
77%
Ein
77%
ist
77%
Was
77%
was
77%
wie
77%
war
74%
wird
74%
nie
72%
vor
72%
Denn
70%
denn
70%
mehr
70%
so
70%
So
70%
doch
68%
Doch
68%
Immer
68%
immer
68%
auch
63%
noch
63%
uns
63%
weiß
63%
dann
61%
Dass
61%
nur
61%
Zeit
61%
jetzt
60%
nicht
60%
Schritt
60%
um
60%
Weißt
60%
Dein
56%
wann
56%
Welt
56%
wie's
56%
Bis
54%
dem
54%
Mal
54%
'Nen
54%
schön
54%
Schon
54%
schon
54%
von
54%
wenn
54%
viel
53%
dir
51%
nach
51%
gescheh'n
49%
hab
49%
Hätt'
49%
heute
49%
weit
49%
Leben
47%
leben
47%
davon
46%
Deine
46%
getan
46%
lange
46%
läuft
46%
jeder
44%
könnt'
44%
ungescheh'n
44%
vorwärts
44%
einz'ges
42%
Vergangenheit
42%
wunderbar
42%
dreh'n
40%
her
40%
vorbei
40%
vorn
40%
Ach
39%
bunt
39%
gesagt
39%
heißt
39%
Kinderzeit
39%
Traum
39%
willst
39%
einziges
37%
lieber
37%
Uhren
37%
Wiederseh'n
37%
Abschied
35%
dreh'n
35%
irgendwann
35%
rückwärts
35%
sich
35%
ewig
33%
geseh'n
32%
Wort
32%
begreifst
30%
gewagt
30%
schiebst
30%
voll
28%
Zorn
28%
schien
26%
dreht
25%
endlos
25%
Kreis
25%
Träume
23%
weggeworfener
21%
Keine übereinstimmenden Quizze gefunden
Verteilung der Resultate
Anzahl Personen mit jedem Resultat
Perzentil nach korrekt beantworteten Fragen
Ihre Resultats-Entwicklung
Sie haben dieses Quiz noch nicht gespielt